000 00305nam a22001337a 4500
008 170214b xxu||||| |||| 00| 0 eng d
020 _a9780316920483
041 _aeng
080 _26th
_a61
100 _a4
101 _ashm
245 _aINTERPRETATION OF DIAGNOSTIC TESTS
_cWALLACH, J
942 _2udc
_cBK
999 _c5430
_d5430